| 000 | 00000nam##2200000za#4500 |
| 001 | 9.580437 |
| 003 | CaOODSP |
| 005 | 20210624191034 |
| 007 | cr ||||||||||| |
| 008 | 150406|1981||||xxc|||||o f|0| 0 eng|d |
| 040 | |aCaOODSP|beng |
| 043 | |an-cn--- |
| 086 | 1 |aFs97-13/292E-PDF |
| 110 | 1 |aCanada. |bDepartment of Fisheries and Oceans. |
| 245 | 10|aBacteriological results of monitoring program of oyster shellstock harvesting areas Maritimes Region 1980 / |h[electronic resource]|cby J.R. MacLean. |
| 260 | |aHalifax - Nova Scotia : |bFisheries and Oceans Canada |c1981. |
| 300 | |a15p.|btables |
| 490 | 1 |aCanadian data report of fisheries and aquatic sciences|vNo. 292 |
| 500 | |aFile reproduced from original print. On t. p. : Inspection Division, Halifax, Nova Scotia. |
| 546 | |a(Résumé en français) |
| 590 | |a14-15-Supp|b2014-09-04 |
| 720 | 1 |aMacLean, J. R. |
| 830 | #0|aCanadian data report of fisheries and aquatic sciences ;|vNo. 292|w(CaOODSP)9.505124 |
| 856 | 40|ahttp://publications.gc.ca|qPDF|s259 KB|uhttps://publications.gc.ca/collections/collection_2014/mpo-dfo/Fs97-13-292-eng.pdf|yNo. 292 |